<?xml version="1.0" encoding="UTF-8"?>
<record
    xmlns:xsi="http://www.w3.org/2001/XMLSchema-instance"
    xsi:schemaLocation="http://www.loc.gov/MARC21/slim http://www.loc.gov/standards/marcxml/schema/MARC21slim.xsd"
    xmlns="http://www.loc.gov/MARC21/slim">

  <leader>00324nam a22001337a 4500</leader>
  <datafield tag="020" ind1=" " ind2=" ">
    <subfield code="a">9780070529045</subfield>
  </datafield>
  <datafield tag="082" ind1=" " ind2=" ">
    <subfield code="2">22</subfield>
    <subfield code="a">004.68</subfield>
  </datafield>
  <datafield tag="100" ind1=" " ind2=" ">
    <subfield code="a">Keiser, Gerd.</subfield>
  </datafield>
  <datafield tag="245" ind1=" " ind2=" ">
    <subfield code="a">Local area networks /</subfield>
  </datafield>
  <datafield tag="250" ind1=" " ind2=" ">
    <subfield code="a">2 nd.</subfield>
  </datafield>
  <datafield tag="260" ind1=" " ind2=" ">
    <subfield code="a">New Delhi,</subfield>
    <subfield code="b">Tata McGrwHill,</subfield>
    <subfield code="c">c2010.</subfield>
  </datafield>
  <datafield tag="300" ind1=" " ind2=" ">
    <subfield code="a">xix,379 p. ;</subfield>
    <subfield code="b">ill. ;</subfield>
    <subfield code="c">24 cm.</subfield>
  </datafield>
  <datafield tag="942" ind1=" " ind2=" ">
    <subfield code="2">ddc</subfield>
    <subfield code="c">IT</subfield>
    <subfield code="0">1</subfield>
  </datafield>
  <datafield tag="999" ind1=" " ind2=" ">
    <subfield code="c">3600</subfield>
    <subfield code="d">3600</subfield>
  </datafield>
  <datafield tag="952" ind1=" " ind2=" ">
    <subfield code="0">0</subfield>
    <subfield code="1">0</subfield>
    <subfield code="2">ddc</subfield>
    <subfield code="4">0</subfield>
    <subfield code="7">1</subfield>
    <subfield code="8">REF</subfield>
    <subfield code="a">LIB001</subfield>
    <subfield code="b">LIB001</subfield>
    <subfield code="d">2014-07-16</subfield>
    <subfield code="g">399.00</subfield>
    <subfield code="l">0</subfield>
    <subfield code="o">004.68</subfield>
    <subfield code="p">35780</subfield>
    <subfield code="r">2014-07-16 00:00:00</subfield>
    <subfield code="t">1</subfield>
    <subfield code="v">848.00</subfield>
    <subfield code="w">2014-07-16</subfield>
    <subfield code="y">REF</subfield>
  </datafield>
  <datafield tag="952" ind1=" " ind2=" ">
    <subfield code="0">0</subfield>
    <subfield code="1">0</subfield>
    <subfield code="2">ddc</subfield>
    <subfield code="4">0</subfield>
    <subfield code="7">0</subfield>
    <subfield code="a">LIB001</subfield>
    <subfield code="b">LIB001</subfield>
    <subfield code="d">2014-07-16</subfield>
    <subfield code="g">399.00</subfield>
    <subfield code="l">1</subfield>
    <subfield code="m">2</subfield>
    <subfield code="o">004.68</subfield>
    <subfield code="p">35781</subfield>
    <subfield code="r">2018-12-07 00:00:00</subfield>
    <subfield code="s">2015-03-06</subfield>
    <subfield code="t">1</subfield>
    <subfield code="v">848.00</subfield>
    <subfield code="w">2014-07-16</subfield>
    <subfield code="y">IT</subfield>
  </datafield>
  <datafield tag="952" ind1=" " ind2=" ">
    <subfield code="0">0</subfield>
    <subfield code="1">0</subfield>
    <subfield code="2">ddc</subfield>
    <subfield code="4">0</subfield>
    <subfield code="7">0</subfield>
    <subfield code="a">LIB001</subfield>
    <subfield code="b">LIB001</subfield>
    <subfield code="d">2014-07-16</subfield>
    <subfield code="g">399.00</subfield>
    <subfield code="l">0</subfield>
    <subfield code="o">004.68</subfield>
    <subfield code="p">35782</subfield>
    <subfield code="r">2014-07-16 00:00:00</subfield>
    <subfield code="t">1</subfield>
    <subfield code="v">848.00</subfield>
    <subfield code="w">2014-07-16</subfield>
    <subfield code="y">IT</subfield>
  </datafield>
  <datafield tag="952" ind1=" " ind2=" ">
    <subfield code="0">0</subfield>
    <subfield code="1">0</subfield>
    <subfield code="2">ddc</subfield>
    <subfield code="4">0</subfield>
    <subfield code="7">0</subfield>
    <subfield code="a">LIB001</subfield>
    <subfield code="b">LIB001</subfield>
    <subfield code="d">2014-07-16</subfield>
    <subfield code="g">399.00</subfield>
    <subfield code="l">3</subfield>
    <subfield code="o">004.68</subfield>
    <subfield code="p">35783</subfield>
    <subfield code="r">2019-11-16 00:00:00</subfield>
    <subfield code="s">2019-11-16</subfield>
    <subfield code="t">1</subfield>
    <subfield code="v">848.00</subfield>
    <subfield code="w">2014-07-16</subfield>
    <subfield code="y">IT</subfield>
  </datafield>
  <datafield tag="952" ind1=" " ind2=" ">
    <subfield code="0">0</subfield>
    <subfield code="1">0</subfield>
    <subfield code="2">ddc</subfield>
    <subfield code="4">0</subfield>
    <subfield code="7">0</subfield>
    <subfield code="a">LIB001</subfield>
    <subfield code="b">LIB001</subfield>
    <subfield code="d">2014-07-16</subfield>
    <subfield code="g">399.00</subfield>
    <subfield code="l">0</subfield>
    <subfield code="m">5</subfield>
    <subfield code="o">004.68</subfield>
    <subfield code="p">35784</subfield>
    <subfield code="r">2018-12-07 00:00:00</subfield>
    <subfield code="t">1</subfield>
    <subfield code="v">848.00</subfield>
    <subfield code="w">2014-07-16</subfield>
    <subfield code="y">IT</subfield>
  </datafield>
  <datafield tag="952" ind1=" " ind2=" ">
    <subfield code="0">0</subfield>
    <subfield code="1">0</subfield>
    <subfield code="2">ddc</subfield>
    <subfield code="4">0</subfield>
    <subfield code="7">0</subfield>
    <subfield code="a">LIB001</subfield>
    <subfield code="b">LIB001</subfield>
    <subfield code="d">2014-07-16</subfield>
    <subfield code="g">399.00</subfield>
    <subfield code="l">3</subfield>
    <subfield code="o">004.68</subfield>
    <subfield code="p">35785</subfield>
    <subfield code="r">2019-11-16 00:00:00</subfield>
    <subfield code="s">2019-11-16</subfield>
    <subfield code="t">1</subfield>
    <subfield code="v">848.00</subfield>
    <subfield code="w">2014-07-16</subfield>
    <subfield code="y">IT</subfield>
  </datafield>
  <datafield tag="952" ind1=" " ind2=" ">
    <subfield code="0">0</subfield>
    <subfield code="1">0</subfield>
    <subfield code="2">ddc</subfield>
    <subfield code="4">0</subfield>
    <subfield code="7">0</subfield>
    <subfield code="a">LIB001</subfield>
    <subfield code="b">LIB001</subfield>
    <subfield code="d">2014-07-16</subfield>
    <subfield code="g">399.00</subfield>
    <subfield code="l">1</subfield>
    <subfield code="o">004.68</subfield>
    <subfield code="p">35787</subfield>
    <subfield code="r">2019-11-16 00:00:00</subfield>
    <subfield code="s">2019-11-16</subfield>
    <subfield code="t">1</subfield>
    <subfield code="v">848.00</subfield>
    <subfield code="w">2014-07-16</subfield>
    <subfield code="y">IT</subfield>
  </datafield>
  <datafield tag="952" ind1=" " ind2=" ">
    <subfield code="0">0</subfield>
    <subfield code="1">0</subfield>
    <subfield code="2">ddc</subfield>
    <subfield code="4">0</subfield>
    <subfield code="7">0</subfield>
    <subfield code="a">LIB001</subfield>
    <subfield code="b">LIB001</subfield>
    <subfield code="d">2014-07-16</subfield>
    <subfield code="g">399.00</subfield>
    <subfield code="l">0</subfield>
    <subfield code="o">004.68</subfield>
    <subfield code="p">35788</subfield>
    <subfield code="r">2014-07-16 00:00:00</subfield>
    <subfield code="t">1</subfield>
    <subfield code="v">848.00</subfield>
    <subfield code="w">2014-07-16</subfield>
    <subfield code="y">IT</subfield>
  </datafield>
  <datafield tag="952" ind1=" " ind2=" ">
    <subfield code="0">0</subfield>
    <subfield code="1">0</subfield>
    <subfield code="2">ddc</subfield>
    <subfield code="4">0</subfield>
    <subfield code="7">0</subfield>
    <subfield code="a">LIB001</subfield>
    <subfield code="b">LIB001</subfield>
    <subfield code="d">2014-07-16</subfield>
    <subfield code="g">399.00</subfield>
    <subfield code="l">1</subfield>
    <subfield code="o">004.68</subfield>
    <subfield code="p">35789</subfield>
    <subfield code="r">2018-12-07 00:00:00</subfield>
    <subfield code="s">2016-07-04</subfield>
    <subfield code="t">1</subfield>
    <subfield code="v">848.00</subfield>
    <subfield code="w">2014-07-16</subfield>
    <subfield code="y">IT</subfield>
  </datafield>
  <datafield tag="952" ind1=" " ind2=" ">
    <subfield code="0">0</subfield>
    <subfield code="1">0</subfield>
    <subfield code="2">ddc</subfield>
    <subfield code="4">0</subfield>
    <subfield code="7">0</subfield>
    <subfield code="a">LIB001</subfield>
    <subfield code="b">LIB001</subfield>
    <subfield code="d">2014-07-16</subfield>
    <subfield code="g">399.00</subfield>
    <subfield code="l">0</subfield>
    <subfield code="o">004.68</subfield>
    <subfield code="p">35790</subfield>
    <subfield code="r">2014-07-16 00:00:00</subfield>
    <subfield code="t">1</subfield>
    <subfield code="v">848.00</subfield>
    <subfield code="w">2014-07-16</subfield>
    <subfield code="y">IT</subfield>
  </datafield>
</record>
